header

Shiloh and the Western Campaign of 1862 (Record no. 132363)

MARC details
000 -LEADER
fixed length control field 01967nam a2200397 a 4500
082 04 - DEWEY DECIMAL CLASSIFICATION NUMBER
Classification number 973.731
100 1# - MAIN ENTRY--AUTHOR NAME
Personal name Cunningham, Edward,
245 10 - TITLE STATEMENT
Title Shiloh and the Western Campaign of 1862
260 ## - PUBLICATION, DISTRIBUTION, ETC. (IMPRINT)
Place of publication New York :
Name of publisher Savas Beatie,
Year of publication c2009.
300 ## - PHYSICAL DESCRIPTION
Number of Pages xxv, 476 p. :
Other physical details ill., maps.
505 0# - FORMATTED CONTENTS NOTE
Formatted contents note Along the rivers -- Lincoln takes a hand -- Breaking the river barriers -- General Halleck intervenes -- The armies gather -- The march to Shiloh -- Surprise -- Around Shiloh Church -- The battle spreads -- The crossroads -- Hornet's Nest -- Retreat -- Last stand -- Buell, Grant, and Beauregard -- Victory? -- Corinth.
650 #0 - SUBJECT ADDED ENTRY--TOPICAL TERM
Topical Term Shiloh, Battle of, Tenn., 1862.
700 1# - ADDED ENTRY--PERSONAL NAME
Personal name Joiner, Gary D.
Personal name Smith, Timothy B.,
856 40 - ELECTRONIC LOCATION AND ACCESS
Uniform Resource Identifier http://site.ebrary.com/lib/rucke/Doc?id=10498858

No items available.

© 2026 Rongo University
Contact us: librarian | system librarian | Rongo university